[Event "LUX-chT 2016/17"]
[Site "Luxembourg"]
[Date "2017.01.15"]
[Round "6"]
[White "Brittner, Serge"]
[Black "Filipovic, Slobodan J"]
[Result "0-1"]
[WhiteElo "2306"]
[BlackElo "2263"]
[PlyCount "64"]
[EventDate "2016.09.25"]
[EventType "team-tourn"]
[EventRounds "10"]
[EventCountry "LUX"]
[SourceTitle "EXT 2018"]
[Source "ChessBase"]
[SourceDate "2017.10.13"]
[SourceVersion "1"]
[SourceVersionDate "2017.10.13"]
[SourceQuality "1"]

1. d4 Nf6 2. c4 g6 3. Nc3 d5 4. cxd5 Nxd5 5. e4 Nxc3 6. bxc3 Bg7 7. Be3 c5 8. Nf3 Qa5 9. Nd2 cxd4 10. Nc4 Qd8 11. cxd4 0-0 12. Rc1 f5 13. Qb3 Kh8 14. exf5 Nc6 15. Rd1 Bxf5 16. d5 Na5 17. Qb4 Nxc4 18. Bxc4 b5 19. Bxb5 Rb8 20. Bd4 Bxd4 21. Qxd4+ Rf6 22. a4 a6 23. Bc6 Bc2 24. Ra1 Qa5+ 25. Qd2 Qxd2+ 26. Kxd2 Rxf2+ 27. Ke3 Rxg2 28. Ra3 Rg4 29. Rc1 Bf5 30. Rd1 Rh4 31. d6 Rh3+ 32. Kd4 e5+ 0-1

[Event "LUX-chT 2016/17"]
[Site "Luxembourg"]
[Date "2016.12.11"]
[Round "5"]
[White "Brittner, Serge"]
[Black "Birtz, Claude"]
[Result "1-0"]
[WhiteElo "2306"]
[BlackElo "1861"]
[PlyCount "53"]
[EventDate "2016.09.25"]
[EventType "team-tourn"]
[EventRounds "10"]
[EventCountry "LUX"]
[SourceTitle "EXT 2018"]
[Source "ChessBase"]
[SourceDate "2017.10.13"]
[SourceVersion "1"]
[SourceVersionDate "2017.10.13"]
[SourceQuality "1"]

1. d4 d5 2. c4 e6 3. Nc3 c5 4. Nf3 Nc6 5. cxd5 exd5 6. g3 Nf6 7. Bg2 Be7 8. 0-0 0-0 9. dxc5 Bxc5 10. Na4 Be7 11. b3 Bg4 12. Bb2 Rc8 13. Rc1 Qa5 14. h3 Be6 15. a3 Ne4 16. b4 Qd8 17. Nd2 Bg5 18. f4 Nxg3 19. fxg5 Nxf1 20. Nxf1 Qxg5 21. Rc3 d4 22. Rg3 Qe5 23. Nc5 g6 24. e3 Rfd8 25. Nxb7 Bc4 26. Nxd8 Bxf1 27. Nxc6 1-0

[Event "LUX-chT 2016/17"]
[Site "Luxembourg"]
[Date "2016.11.20"]
[Round "4"]
[White "Brittner, Serge"]
[Black "Klauner, Theo"]
[Result "1-0"]
[WhiteElo "2303"]
[BlackElo "2046"]
[PlyCount "25"]
[EventDate "2016.09.25"]
[EventType "team-tourn"]
[EventRounds "10"]
[EventCountry "LUX"]
[SourceTitle "EXT 2018"]
[Source "ChessBase"]
[SourceDate "2017.10.13"]
[SourceVersion "1"]
[SourceVersionDate "2017.10.13"]
[SourceQuality "1"]

1. d4 d5 2. c4 Nc6 3. e3 e5 4. dxe5 d4 5. a3 a5 6. Nf3 Bc5 7. exd4 Nxd4 8. Be3 Bg4 9. Be2 Bxf3 10. Bxf3 c6 11. Nc3 Nxf3+ 12. Qxf3 Qb6 13. Na4 1-0

[Event "Luxembourg-chT 1415"]
[Site "Luxembourg"]
[Date "2015.03.29"]
[Round "10"]
[White "Brittner, Serge"]
[Black "Frischmann, Rick"]
[Result "1/2-1/2"]
[WhiteElo "2285"]
[BlackElo "2211"]
[PlyCount "114"]
[EventDate "2014.10.05"]
[EventType "team-tourn"]
[EventRounds "10"]
[EventCountry "LUX"]
[SourceTitle "EXT 2017"]
[Source "ChessBase"]
[SourceDate "2016.10.25"]
[SourceVersion "1"]
[SourceVersionDate "2016.10.25"]
[SourceQuality "1"]

1. d4 d5 2. c4 Nc6 3. e3 e5 4. dxe5 d4 5. a3 a5 6. Nf3 Bc5 7. Be2 dxe3 8. Qxd8+ Nxd8 9. Bxe3 Bxe3 10. fxe3 Ne7 11. Nc3 Bd7 12. Nd5 Rc8 13. 0-0 Ng6 14. Nf4 Nc6 15. e6 Bxe6 16. Nxe6 fxe6 17. Ng5 Nf8 18. Bg4 Nd8 19. Rad1 Rg8 20. Rf4 h6 21. Ne4 Ke7 22. Nc5 g5 23. Rfd4 b6 24. Nb3 Nf7 25. c5 Rd8 26. Rxd8 Nxd8 27. cxb6 cxb6 28. Nd4 Nd7 29. Rc1 Nf6 30. Be2 g4 31. Rc8 Kd7 32. Rc4 Rg5 33. Bd1 Rc5 34. Rxc5 bxc5 35. Nb3 Nb7 36. Bc2 Kc6 37. Nd2 Nd6 38. e4 e5 39. Kf2 c4 40. Ke3 Kc5 41. Bd1 c3 42. bxc3 Nc4+ 43. Kd3 Nxd2 44. Kxd2 Nxe4+ 45. Ke3 Nxc3 46. Bxg4 e4 47. Be6 Kd6 48. Bb3 a4 49. Bf7 Ke5 50. Bc4 Nb1 51. Bb5 Nxa3 52. Bxa4 Nc4+ 53. Ke2 Kd4 54. Bb5 Ne5 55. g3 Nf3 56. h4 Ke5 57. Ke3 Nd4 1/2-1/2

[Event "Luxembourg-chT 1415"]
[Site "Luxembourg"]
[Date "2015.02.01"]
[Round "7"]
[White "Ghavami, Seyed Reza"]
[Black "Brittner, Serge"]
[Result "0-1"]
[WhiteElo "1914"]
[BlackElo "2285"]
[PlyCount "62"]
[EventDate "2014.10.05"]
[EventType "team-tourn"]
[EventRounds "10"]
[EventCountry "LUX"]
[SourceTitle "EXT 2017"]
[Source "ChessBase"]
[SourceDate "2016.10.25"]
[SourceVersion "1"]
[SourceVersionDate "2016.10.25"]
[SourceQuality "1"]

1. e4 e6 2. d4 d5 3. Nc3 h6 4. Nf3 Nf6 5. e5 Ne4 6. Bd3 Nxc3 7. bxc3 c5 8. 0-0 Nc6 9. Be3 c4 10. Be2 Bd7 11. Qd2 Be7 12. g3 Qc7 13. Rfb1 0-0-0 14. a4 g5 15. Ra2 Rdg8 16. Ne1 h5 17. Nf3 g4 18. Nh4 Qd8 19. Ng2 h4 20. Rf1 Rh7 21. Qd1 Qf8 22. Bf4 Qg7 23. Qd2 hxg3 24. Bxg3 Bg5 25. Qd1 f5 26. exf6 Bxf6 27. a5 Bd8 28. Qa1 Bc7 29. Rb1 Rgh8 30. Bf1 Rxh2 31. Nf4 Bxf4 0-1

[Event "Luxembourg-chT 1415"]
[Site "Luxembourg"]
[Date "2014.10.19"]
[Round "2"]
[White "Brittner, Serge"]
[Black "Osieka, Udo"]
[Result "1/2-1/2"]
[WhiteElo "2285"]
[BlackElo "2250"]
[PlyCount "61"]
[EventDate "2014.10.05"]
[EventType "team-tourn"]
[EventRounds "10"]
[EventCountry "LUX"]
[SourceTitle "EXT 2017"]
[Source "ChessBase"]
[SourceDate "2016.10.25"]
[SourceVersion "1"]
[SourceVersionDate "2016.10.25"]
[SourceQuality "1"]

1. d4 Nf6 2. c4 e6 3. Nc3 Bb4 4. e3 c5 5. Bd3 Nc6 6. a3 Bxc3+ 7. bxc3 0-0 8. Ne2 b6 9. e4 Ne8 10. 0-0 Ba6 11. f4 f5 12. exf5 exf5 13. Ng3 g6 14. dxc5 bxc5 15. Be3 d6 16. Bxf5 gxf5 17. Qd5+ Rf7 18. Qxc6 Bb7 19. Qa4 Qf6 20. Rfe1 Ng7 21. Bd2 Qg6 22. Qd1 h5 23. Qe2 Re8 24. Qf2 Rfe7 25. Nf1 Rxe1 26. Rxe1 Rxe1 27. Bxe1 Qe6 28. Qe3 Qxc4 29. Nd2 Qe6 30. Qxe6+ Nxe6 31. Nc4 1/2-1/2

[Event "Luxembourg-chT 1314"]
[Site "Luxembourg"]
[Date "2014.03.30"]
[Round "9"]
[White "Brittner, Serge"]
[Black "Sorensen, Ivan"]
[Result "1-0"]
[WhiteElo "2285"]
[BlackElo "2168"]
[PlyCount "53"]
[EventDate "2013.10.05"]
[EventType "team-tourn"]
[EventRounds "10"]
[EventCountry "LUX"]
[SourceTitle "EXT 2017"]
[Source "ChessBase"]
[SourceDate "2016.10.25"]
[SourceVersion "1"]
[SourceVersionDate "2016.10.25"]
[SourceQuality "1"]

1. d4 f5 2. Nf3 Nf6 3. g3 g6 4. Bg2 Bg7 5. 0-0 0-0 6. c4 d6 7. Nc3 Nc6 8. b3 e5 9. dxe5 Nxe5 10. Nxe5 dxe5 11. Ba3 Re8 12. Bd5+ Nxd5 13. Qxd5+ Be6 14. Qxb7 Rb8 15. Qg2 e4 16. Rad1 Qc8 17. Nb5 Qa6 18. Bc5 Rb7 19. a4 Reb8 20. g4 Qa5 21. Bd4 Bxd4 22. Nxd4 Rb6 23. Nb5 c6 24. Nd4 Qe5 25. c5 Bxb3 26. cxb6 Bxd1 27. Nxc6 1-0

[Event "Luxembourg-chT 1112"]
[Site "Luxembourg"]
[Date "2012.04.10"]
[Round "7"]
[White "Brittner, Serge"]
[Black "Jadin, Yves"]
[Result "1-0"]
[WhiteElo "2285"]
[BlackElo "1831"]
[PlyCount "79"]
[EventDate "2011.10.??"]
[EventType "team-tourn"]
[EventRounds "10"]
[EventCountry "LUX"]
[SourceTitle "EXT 2017"]
[Source "ChessBase"]
[SourceDate "2016.10.25"]
[SourceVersion "1"]
[SourceVersionDate "2016.10.25"]
[SourceQuality "1"]

1. d4 d5 2. c4 e5 3. dxe5 d4 4. a3 Nc6 5. e3 Bf5 6. Nf3 d3 7. Nc3 Nge7 8. e4 Bg4 9. Qxd3 Qxd3 10. Bxd3 Bxf3 11. gxf3 Nxe5 12. Be2 0-0-0 13. Be3 a6 14. Nd5 N7g6 15. 0-0-0 Nd7 16. b4 c6 17. Nc3 a5 18. c5 axb4 19. axb4 Be7 20. f4 Kc7 21. f5 Ngf8 22. Bf4+ Kc8 23. Bc4 Bf6 24. Na4 g5 25. Bg3 h5 26. Bxf7 Rh7 27. Bc4 Re7 28. Rhe1 Ne5 29. Nb6+ Kc7 30. Rd6 h4 31. Red1 Rde8 32. Rxf6 hxg3 33. fxg3 Ng4 34. Rf7 Rxf7 35. Bxf7 Rxe4 36. Na8+ Kc8 37. Nb6+ Kc7 38. Be6 Nxe6 39. Rd7+ Kb8 40. fxe6 1-0

[Event "Luxembourg-chT 1112"]
[Site "Luxembourg"]
[Date "2011.01.10"]
[Round "4"]
[White "Brittner, Serge"]
[Black "Toth, Laszlo2222"]
[Result "0-1"]
[WhiteElo "2285"]
[BlackElo "1863"]
[PlyCount "128"]
[EventDate "2011.10.??"]
[EventType "team-tourn"]
[EventRounds "10"]
[EventCountry "LUX"]
[SourceTitle "EXT 2017"]
[Source "ChessBase"]
[SourceDate "2016.10.25"]
[SourceVersion "1"]
[SourceVersionDate "2016.10.25"]
[SourceQuality "1"]

1. d4 d5 2. c4 e6 3. Nc3 c5 4. cxd5 exd5 5. Nf3 Nc6 6. g3 Nf6 7. Bg2 Be7 8. 0-0 0-0 9. dxc5 Bxc5 10. Na4 Bb6 11. Nxb6 axb6 12. b3 Bg4 13. Bb2 Re8 14. h3 Be6 15. Nd4 Ne4 16. e3 Qg5 17. h4 Qe7 18. Nxc6 bxc6 19. Qd4 Qf6 20. Bxe4 Qxd4 21. Bxd4 dxe4 22. Bxb6 Ra6 23. Bc5 Rea8 24. a3 Bxb3 25. Rfb1 Bd5 26. Rb7 h6 27. g4 Ra5 28. Rc1 Kh7 29. Kg2 Kg6 30. Kg3 Ra4 31. Kf4 Re8 32. h5+ Kh7 33. Re7 Rxe7 34. Bxe7 Ra8 35. Ra1 Ra4 36. Bb4 Kg8 37. Rc1 Kh7 38. f3 exf3 39. e4 f2 40. exd5 c5 41. Rf1 cxb4 42. axb4 Rxb4+ 43. Ke5 Rb2 44. Kd6 Kg8 45. Ke7 Re2+ 46. Kd7 f6 47. d6 Kf7 48. Kd8 Ke6 49. d7 Rd2 50. Ke8 Rxd7 51. Rxf2 Rd4 52. Re2+ Kd5 53. Rg2 Ke4 54. g5 fxg5 55. Kf7 Rd7+ 56. Kg6 Kf3 57. Ra2 g4 58. Ra3+ Kg2 59. Kf5 g3 60. Kf4 Rd4+ 61. Ke3 Rg4 62. Ra2+ Kh1 63. Ra1+ Kh2 64. Kf3 Rg5 0-1

[Event "Boeblingen op 26th"]
[Site "Boeblingen"]
[Date "2009.12.29"]
[Round "6"]
[White "Strohhaeker, Raoul"]
[Black "Brittner, Serge"]
[Result "1-0"]
[WhiteElo "2443"]
[BlackElo "2278"]
[PlyCount "71"]
[EventDate "2009.12.26"]
[EventType "swiss"]
[EventRounds "9"]
[EventCountry "GER"]
[SourceTitle "CBM 134 Extra"]
[Source "ChessBase"]
[SourceDate "2010.03.03"]
[SourceVersion "1"]
[SourceVersionDate "2010.03.03"]
[SourceQuality "1"]

1. e4 e6 2. d4 d5 3. exd5 exd5 4. Nf3 Bg4 5. h3 Bh5 6. Qe2+ Qe7 7. Be3 Nc6 8. Nc3 0-0-0 9. 0-0-0 f6 10. g4 Bf7 11. Nd2 Qe8 12. Nb3 Bb4 13. Na4 Na5 14. Nac5 Nxb3+ 15. axb3 Bxc5 16. dxc5 Ne7 17. Bg2 Nc6 18. Rhe1 Qd7 19. Qd2 Rhe8 20. b4 d4 21. Bxc6 Qxc6 22. Bxd4 Qa4 23. b3 Qa3+ 24. Kb1 Rxe1 25. Qxe1 Bxb3 26. cxb3 Qxb3+ 27. Kc1 Qc4+ 28. Kb2 a5 29. bxa5 Qb5+ 30. Ka3 Re8 31. Qb4 Qe2 32. Rb1 Qf3+ 33. Rb3 Qd5 34. Be3 Re4 35. Qb5 Qd1 36. Qxb7+ 1-0

[Event "Boeblingen op 26th"]
[Site "Boeblingen"]
[Date "2009.12.28"]
[Round "4"]
[White "Velicka, Petr"]
[Black "Brittner, Serge"]
[Result "1-0"]
[WhiteElo "2480"]
[BlackElo "2278"]
[PlyCount "94"]
[EventDate "2009.12.26"]
[EventType "swiss"]
[EventRounds "9"]
[EventCountry "GER"]
[SourceTitle "CBM 134 Extra"]
[Source "ChessBase"]
[SourceDate "2010.03.03"]
[SourceVersion "1"]
[SourceVersionDate "2010.03.03"]
[SourceQuality "1"]

1. e4 e6 2. d4 d5 3. Nd2 h6 4. Ngf3 Nf6 5. Bd3 c5 6. exd5 Qxd5 7. 0-0 cxd4 8. Nb3 Nc6 9. Nbxd4 Nxd4 10. Nxd4 Bd7 11. Be2 Bc5 12. Nb3 Bb6 13. Bf3 Qxd1 14. Rxd1 0-0-0 15. Bf4 Ba4 16. Be5 Rhg8 17. c4 Rd7 18. Rxd7 Nxd7 19. Bc3 Bc6 20. Bxc6 bxc6 21. Kf1 e5 22. Rd1 Re8 23. Rd6 Kc7 24. Rd3 f5 25. Rh3 Kd6 26. f4 c5 27. Rg3 g5 28. fxg5 hxg5 29. Rxg5 Ke6 30. Rg7 Rh8 31. h3 Rh4 32. Nd2 Bd8 33. Nf3 Rh6 34. Rg8 e4 35. Re8+ Kd6 36. Bd2 Rh5 37. Bf4+ Kc6 38. Re6+ Kb7 39. Ne5 Nxe5 40. Rxe5 Kc6 41. Re6+ Kb7 42. Rd6 Bg5 43. Bxg5 Rxg5 44. Rd5 Rg3 45. Rxf5 e3 46. Rxc5 e2+ 47. Kxe2 Rxg2+ 1-0

[Event "Boeblingen op 26th"]
[Site "Boeblingen"]
[Date "2009.12.27"]
[Round "3"]
[White "Brittner, Serge"]
[Black "Schulte, Torsten"]
[Result "1-0"]
[WhiteElo "2278"]
[BlackElo "2167"]
[PlyCount "57"]
[EventDate "2009.12.26"]
[EventType "swiss"]
[EventRounds "9"]
[EventCountry "GER"]
[SourceTitle "CBM 134 Extra"]
[Source "ChessBase"]
[SourceDate "2010.03.03"]
[SourceVersion "1"]
[SourceVersionDate "2010.03.03"]
[SourceQuality "1"]

1. d4 Nf6 2. c4 e6 3. Nc3 Bb4 4. Qc2 d5 5. a3 Bxc3+ 6. Qxc3 Ne4 7. Qc2 0-0 8. Nf3 b6 9. e3 Bb7 10. Bd3 Nd7 11. 0-0 c5 12. b4 Rc8 13. dxc5 bxc5 14. Bb2 Ndf6 15. b5 Qa5 16. Ne5 Rfd8 17. Rfd1 a6 18. a4 axb5 19. axb5 Qb6 20. f3 Nd6 21. Ra4 dxc4 22. Nxc4 Nxc4 23. Rxc4 Nd5 24. Bxh7+ Kf8 25. Qc1 Qxb5 26. Ba3 g6 27. e4 Ne3 28. Rxd8+ Rxd8 29. Rxc5 1-0

[Event "Boeblingen op 26th"]
[Site "Boeblingen"]
[Date "2009.12.26"]
[Round "1"]
[White "Brittner, Serge"]
[Black "Probst, Alexander"]
[Result "1-0"]
[WhiteElo "2278"]
[BlackElo "2026"]
[PlyCount "57"]
[EventDate "2009.12.26"]
[EventType "swiss"]
[EventRounds "9"]
[EventCountry "GER"]
[SourceTitle "CBM 134 Extra"]
[Source "ChessBase"]
[SourceDate "2010.03.03"]
[SourceVersion "1"]
[SourceVersionDate "2010.03.03"]
[SourceQuality "1"]

1. d4 Nf6 2. c4 g6 3. Nc3 d5 4. cxd5 Nxd5 5. e4 Nxc3 6. bxc3 Bg7 7. Be3 c5 8. Qd2 0-0 9. d5 Qa5 10. Rc1 e6 11. c4 Qa3 12. Nf3 Na6 13. Be2 exd5 14. cxd5 b6 15. d6 Qb4 16. d7 Bb7 17. 0-0 Rad8 18. Rfd1 Qxe4 19. Bg5 f6 20. Bf4 Qe7 21. Bc4+ Rf7 22. Re1 Qxd7 23. Qxd7 Rdxd7 24. Re8+ Bf8 25. Bh6 Bd5 26. Bxa6 Bxa2 27. Rce1 Bb3 28. h3 c4 29. Bc8 1-0

[Event "EU-Cup 25th"]
[Site "Ohrid"]
[Date "2009.10.10"]
[Round "7.4"]
[White "Wantola, Ivo"]
[Black "Brittner, Serge"]
[Result "1/2-1/2"]
[WhiteElo "2344"]
[BlackElo "2279"]
[PlyCount "142"]
[EventDate "2009.10.04"]
[EventType "team-swiss"]
[EventRounds "7"]
[EventCountry "MKD"]
[SourceTitle "CBM 133"]
[Source "ChessBase"]
[SourceDate "2009.11.19"]
[SourceVersion "1"]
[SourceVersionDate "2009.11.19"]
[SourceQuality "1"]
[WhiteTeam "Leiden LSG"]
[BlackTeam "Echternach Sprenger"]
[WhiteTeamCountry "NED"]
[BlackTeamCountry "LUX"]

1. Nf3 Nf6 2. c4 b6 3. g3 c5 4. Bg2 Bb7 5. 0-0 e6 6. Nc3 Be7 7. Re1 d5 8. cxd5 Nxd5 9. e4 Nb4 10. d4 cxd4 11. Nxd4 N8c6 12. Be3 Nxd4 13. Bxd4 0-0 14. a3 Nc6 15. Be3 Qxd1 16. Raxd1 Rfd8 17. Nb5 Ne5 18. Rxd8+ Bxd8 19. Nd6 Ba6 20. f4 Nc4 21. e5 Rb8 22. Bf1 Nxe3 23. Bxa6 Nd5 24. Rc1 Nc7 25. Bd3 Kf8 26. Be4 Ne8 27. Nb5 a6 28. Na7 b5 29. Nc6 Rc8 30. Kf1 Bb6 31. Rc2 h5 32. Ke2 g6 33. h3 Ng7 34. g4 hxg4 35. hxg4 Ne8 36. b3 f5 37. exf6 Nxf6 38. Ne5 Rxc2+ 39. Bxc2 Kg7 40. Kf3 g5 41. fxg5 Nd5 42. Be4 Bc7 43. Nd7 a5 44. Nc5 Nf4 45. a4 bxa4 46. bxa4 Kf7 47. g6+ Nxg6 48. Bxg6+ Kxg6 49. Nxe6 Bd6 50. Nd4 Kg5 51. Ne2 Be5 52. Ng1 Bb8 53. Nh3+ Kh4 54. Nf2 Bc7 55. Ne4 Bb8 56. Nd2 Kg5 57. Nc4 Bc7 58. Ne3 Bb6 59. Nd5 Ba7 60. Kg3 Bb8+ 61. Kh3 Bd6 62. Ne3 Bb8 63. Nf5 Be5 64. Ne7 Bd6 65. Nc6 Bc7 66. Nd4 Bb8 67. Ne6+ Kf6 68. Nc5 Kg5 69. Ne4+ Kf4 70. Nf2 Kg5 71. Kg2 Ba7 1/2-1/2

[Event "EU-Cup 25th"]
[Site "Ohrid"]
[Date "2009.10.08"]
[Round "5.4"]
[White "Haugli, Petter"]
[Black "Brittner, Serge"]
[Result "1/2-1/2"]
[WhiteElo "2315"]
[BlackElo "2279"]
[PlyCount "129"]
[EventDate "2009.10.04"]
[EventType "team-swiss"]
[EventRounds "7"]
[EventCountry "MKD"]
[SourceTitle "CBM 133"]
[Source "ChessBase"]
[SourceDate "2009.11.19"]
[SourceVersion "1"]
[SourceVersionDate "2009.11.19"]
[SourceQuality "1"]
[WhiteTeam "Moss"]
[BlackTeam "Echternach Sprenger"]
[WhiteTeamCountry "NOR"]
[BlackTeamCountry "LUX"]

1. d4 e6 2. c4 Nf6 3. Nc3 Bb4 4. Qc2 0-0 5. Nf3 c5 6. dxc5 Na6 7. g3 Nxc5 8. Bg2 b6 9. 0-0 Bb7 10. a3 Bxc3 11. Qxc3 a5 12. Bf4 d5 13. b4 Nce4 14. Qd4 dxc4 15. Qxc4 Rc8 16. Qb3 Nc3 17. Qb2 Be4 18. bxa5 bxa5 19. Rac1 Ncd5 20. Be5 Qe7 21. Rfd1 Rfd8 22. h3 Qe8 23. Qb3 a4 24. Qb2 h6 25. Bf1 Rxc1 26. Rxc1 Rc8 27. Rxc8 Qxc8 28. Nd2 Qc2 29. Nxe4 Qxe4 30. Bg2 Qc4 31. Bf3 Qb3 32. Qxb3 axb3 33. a4 Nd7 34. Bd4 N5b6 35. Bc6 e5 36. Bxb6 Nxb6 37. a5 Nc8 38. Kf1 Kf8 39. Be4 Ke7 40. Ke1 Nd6 41. Bd3 Kd7 42. Kd2 e4 43. Ba6 e3+ 44. fxe3 Ne4+ 45. Kc1 Nxg3 46. Kb2 Kc6 47. Kxb3 Nf1 48. Kc3 Nxe3 49. Kd4 Nc2+ 50. Ke5 Kc5 51. Bd3 Nd4 52. a6 Nc6+ 53. Kf5 Kb6 54. Bc4 Ne7+ 55. Ke5 Ng6+ 56. Ke4 f6 57. Kf5 Ne5 58. Bb5 h5 59. h4 Ka7 60. Be8 Kxa6 61. Bxh5 Kb6 62. Be8 Kc5 63. h5 Kd6 64. h6 gxh6 65. Kxf6 1/2-1/2

[Event "EU-Cup 25th"]
[Site "Ohrid"]
[Date "2009.10.06"]
[Round "3.4"]
[White "Brittner, Serge"]
[Black "Riazantsev, Alexander"]
[Result "0-1"]
[WhiteElo "2279"]
[BlackElo "2646"]
[PlyCount "104"]
[EventDate "2009.10.04"]
[EventType "team-swiss"]
[EventRounds "7"]
[EventCountry "MKD"]
[SourceTitle "CBM 133"]
[Source "ChessBase"]
[SourceDate "2009.11.19"]
[SourceVersion "1"]
[SourceVersionDate "2009.11.19"]
[SourceQuality "1"]
[WhiteTeam "Echternach Sprenger"]
[BlackTeam "Moscow ShSM-64"]
[WhiteTeamCountry "LUX"]
[BlackTeamCountry "RUS"]

1. d4 Nf6 2. c4 e6 3. Nc3 Bb4 4. e3 0-0 5. Bd3 c5 6. a3 Bxc3+ 7. bxc3 Nc6 8. Ne2 b6 9. e4 Ne8 10. 0-0 Ba6 11. e5 d6 12. Qc2 h6 13. Rd1 cxd4 14. exd6 Nxd6 15. cxd4 Rc8 16. c5 Bxd3 17. Qxd3 bxc5 18. dxc5 Nf5 19. Bf4 Qxd3 20. Rxd3 e5 21. g4 Nh4 22. Bg3 Ng6 23. h4 Rfd8 24. Rad1 Rxd3 25. Rxd3 f6 26. f3 Nf8 27. Rd6 Kf7 28. Bf2 Ne6 29. Be3 Rc7 30. Kf2 Na5 31. f4 Nb7 32. f5 Nexc5 33. Rd5 Ne4+ 34. Kf3 Ned6 35. Bxa7 h5 36. Bb8 hxg4+ 37. Kxg4 Rc4+ 38. Kf3 Ke7 39. Ng3 Rxh4 40. Bxd6+ Nxd6 41. Ra5 Rf4+ 42. Ke2 Nxf5 43. Ra7+ Ke6 44. Nxf5 Kxf5 45. Rxg7 Ra4 46. Rg3 e4 47. Rb3 Kf4 48. Kf2 f5 49. Ke2 Ra8 50. Kf2 Rh8 51. Kg2 Rd8 52. a4 Rd2+ 0-1

[Event "Oberliga Sued W 0809"]
[Site "Germany"]
[Date "2009.01.18"]
[Round "5.2"]
[White "Brittner, Serge"]
[Black "Bernhardt, Rolf"]
[Result "0-1"]
[WhiteElo "2218"]
[BlackElo "2282"]
[PlyCount "116"]
[EventDate "2008.10.05"]
[EventType "team-tourn"]
[EventRounds "11"]
[EventCountry "GER"]
[SourceTitle "EXT 2012"]
[Source "ChessBase"]
[SourceDate "2011.11.24"]
[SourceVersion "1"]
[SourceVersionDate "2011.11.24"]
[SourceQuality "1"]
[WhiteTeam "Kaiserslautern"]
[BlackTeam "Landau"]
[WhiteTeamCountry "GER"]
[BlackTeamCountry "GER"]

1. d4 Nf6 2. c4 e6 3. Nc3 Bb4 4. Qc2 c5 5. dxc5 Na6 6. a3 Qa5 7. Bd2 Nxc5 8. Rd1 Bxc3 9. Bxc3 Qa4 10. Qxa4 Nxa4 11. Bd4 b6 12. f3 Ke7 13. b3 Nc5 14. b4 Na4 15. e4 d6 16. Bd3 e5 17. Ba1 a5 18. Ne2 axb4 19. axb4 Be6 20. 0-0 Rhc8 21. Rc1 Ne8 22. Ng3 g6 23. f4 exf4 24. Ne2 g5 25. Nd4 Nc7 26. e5 dxe5 27. Nc6+ Kf8 28. Bxe5 Ne8 29. Nd4 Bd7 30. Nf5 f6 31. Bd4 Rd8 32. Rfd1 Rac8 33. c5 bxc5 34. bxc5 Kf7 35. Nd6+ Nxd6 36. cxd6 Rc6 37. Bc4+ Kg6 38. Bd3+ Kg7 39. Rc4 Rxd6 40. Bc2 Bg4 41. Bxf6+ Kxf6 42. Rxd6+ Rxd6 43. Rxa4 Bd7 44. Rc4 h6 45. h4 Rd2 46. hxg5+ hxg5 47. Ba4 Be6 48. Rc2 Rd1+ 49. Kf2 g4 50. Bc6 Bf5 51. Rb2 Bd3 52. g3 Rf1+ 53. Kg2 f3+ 54. Kh2 Re1 55. Rf2 Kg5 56. Bd5 Be2 57. Bc6 Kf5 58. Bd7+ Ke4 0-1

[Event "Olympiad-38"]
[Site "Dresden"]
[Date "2008.11.25"]
[Round "11"]
[White "Brittner, Serge"]
[Black "Bagheri, Amir"]
[Result "1/2-1/2"]
[WhiteElo "2218"]
[BlackElo "2490"]
[PlyCount "60"]
[EventDate "2008.11.13"]
[EventType "team-swiss"]
[EventRounds "11"]
[EventCountry "GER"]
[SourceTitle "CBM 128"]
[Source "ChessBase"]
[SourceDate "2009.01.28"]
[SourceVersion "1"]
[SourceVersionDate "2009.01.28"]
[SourceQuality "1"]
[WhiteTeam "Luxembourg"]
[BlackTeam "Iran"]
[WhiteTeamCountry "LUX"]
[BlackTeamCountry "IRI"]

1. d4 d5 2. c4 c6 3. Nf3 Nf6 4. e3 Bf5 5. Nc3 e6 6. Nh4 Bg4 7. Qb3 Qc7 8. h3 Bh5 9. g4 Bg6 10. Bg2 Be7 11. Nxg6 hxg6 12. Bd2 Nbd7 13. 0-0-0 Nb6 14. cxd5 exd5 15. Kb1 Rf8 16. e4 dxe4 17. g5 Nfd5 18. Bxe4 0-0-0 19. a4 Kb8 20. a5 Nxc3+ 21. bxc3 Nc8 22. a6 Qb6 23. Qxb6 axb6 24. axb7 Kxb7 25. Kc2 Nd6 26. Bd3 Rd7 27. h4 Ra8 28. Ra1 Rxa1 29. Rxa1 b5 30. Rh1 Bd8 1/2-1/2

[Event "Olympiad-38"]
[Site "Dresden"]
[Date "2008.11.15"]
[Round "3"]
[White "Le, Quang Liem"]
[Black "Brittner, Serge"]
[Result "1-0"]
[WhiteElo "2583"]
[BlackElo "2218"]
[PlyCount "77"]
[EventDate "2008.11.13"]
[EventType "team-swiss"]
[EventRounds "11"]
[EventCountry "GER"]
[SourceTitle "CBM 128"]
[Source "ChessBase"]
[SourceDate "2009.01.28"]
[SourceVersion "1"]
[SourceVersionDate "2009.01.28"]
[SourceQuality "1"]
[WhiteTeam "Vietnam"]
[BlackTeam "Luxembourg"]
[WhiteTeamCountry "VIE"]
[BlackTeamCountry "LUX"]

1. d4 e6 2. c4 Nf6 3. Nc3 Bb4 4. Nf3 c5 5. g3 cxd4 6. Nxd4 Ne4 7. Qd3 Bxc3+ 8. bxc3 Nc5 9. Qf3 d6 10. Bg2 Nbd7 11. Qg4 0-0 12. Bh6 Qf6 13. Bg5 Qg6 14. Qh4 f6 15. Be3 a6 16. 0-0 Ne5 17. Nb3 Na4 18. c5 Nxc5 19. Nxc5 dxc5 20. Bxc5 Re8 21. Rfd1 Nc6 22. Rab1 Qf7 23. Rd6 Qc7 24. Rbd1 e5 25. Bd5+ Kh8 26. Qh5 g6 27. Qh4 Qg7 28. Rxf6 g5 29. Qh6 Qxh6 30. Rxh6 Kg7 31. Rd6 Ne7 32. Be4 Rb8 33. Ba7 Ra8 34. Be3 g4 35. Bg5 Nf5 36. Rb6 h6 37. Bf6+ Kf7 38. Bd5+ Be6 39. Bxe5 1-0

[Event "Kaupthing op"]
[Site "Differdange"]
[Date "2008.05.10"]
[Round "2"]
[White "Baskewitsch, Pierre"]
[Black "Brittner, Serge"]
[Result "1/2-1/2"]
[WhiteElo "2068"]
[BlackElo "2250"]
[PlyCount "63"]
[EventDate "2008.05.10"]
[EventType "swiss"]
[EventRounds "9"]
[EventCountry "LUX"]
[SourceTitle "CBM 124 Extra"]
[Source "ChessBase"]
[SourceDate "2008.07.03"]
[SourceVersion "1"]
[SourceVersionDate "2008.07.03"]
[SourceQuality "1"]

1. d4 e6 2. Nf3 Nf6 3. Bg5 h6 4. Bh4 b6 5. Bxf6 Qxf6 6. e4 Bb7 7. Bd3 c5 8. c3 Nc6 9. e5 Qd8 10. 0-0 cxd4 11. cxd4 Nb4 12. Nc3 Nxd3 13. Qxd3 d5 14. Nd2 Be7 15. f4 g6 16. Rac1 Qd7 17. Rc2 Rc8 18. g4 b5 19. Rfc1 a6 20. Ne2 0-0 21. Nb3 Rc4 22. Na5 Rxc2 23. Rxc2 Kg7 24. Nxb7 Qxb7 25. Qc3 Rd8 26. Ng3 Rd7 27. f5 Bd8 28. f6+ Kh7 29. Qc5 Kg8 30. Qc8 Qxc8 31. Rxc8 Kf8 32. Kf2 1/2-1/2